Bootes Stars Sequential Quiz - Statistics

General Stats
  • This quiz has been taken 2 times
  • The average score is 2 of 12
Answers on the Map
Answers color-coded by a green-red scale on the quiz's map according to % correct below.
 
Answer Stats
Answer % Correct
Arcturus
100%
Izar
50%
Nekkar
50%
Alkalurops
0%
Delta
0%
Muphrid
0%
Rho
0%
Seginus
0%
Theta
0%
Upsilon
0%
Xuange
0%
Zeta
0%
No matching quizzes found
Score Distribution
Percent of People with Each Score
Percentile by Number Answered
Your Score History
You have not taken this quiz